Central Library OPAC University of Rajshahi

Sports Management and Administration / (Record no. 74357)

MARC details
000 -LEADER
fixed length control field 00715nam a2200229 a 4500
001 - CONTROL NUMBER
control field 74357
003 - CONTROL NUMBER IDENTIFIER
rucl marc code BD-RjUL
005 - DATE AND TIME OF LATEST TRANSACTION
control field 20211209082536.0
008 - FIXED-LENGTH DATA ELEMENTS--GENERAL INFORMATION
fixed length control field 180724s2015 ii ||||| |||| 000 0 eng d
020 ## - INTERNATIONAL STANDARD BOOK NUMBER
International Standard Book Number 9788175247772
Terms of availability Tk.613.00
035 ## - SYSTEM CONTROL NUMBER
System control number (BD-RjUL)74575
040 ## - CATALOGING SOURCE
Original cataloging agency BD-RjUL
Language of cataloging eng
Transcribing agency BD-RjUL
041 ## - LANGUAGE CODE
Language code of text/sound track or separate title eng
082 ## - DEWEY DECIMAL CLASSIFICATION NUMBER
Edition number 23
Classification number 796.069
Author mark and year RAS 2015
100 1# - MAIN ENTRY--PERSONAL NAME
Personal name Rathod, Manik Meharban
9 (RLIN) 221892
245 10 - TITLE STATEMENT
Title Sports Management and Administration /
Statement of responsibility, etc. Manik Meharban Rathod , Murlidhar Sangkar Rao Rathod
260 ## - PUBLICATION, DISTRIBUTION, ETC. (IMPRINT)
Place of publication, distribution, etc. New Delhi :
Name of publisher, distributor, etc. Khel Sahitya Kendra ,
Date of publication, distribution, etc. 2015
300 ## - PHYSICAL DESCRIPTION
Pagination 282 p. ;
Size 22 cm.
650 ## - SUBJECT ADDED ENTRY--TOPICAL TERM
Topical term or geographic name as entry element Sports administration.
9 (RLIN) 221893
700 ## - ADDED ENTRY--PERSONAL NAME
Personal name Rathod, Murlidhar Sangkar Rao
942 ## - ADDED ENTRY ELEMENTS (KOHA)
Source of classification or shelving scheme Dewey Decimal Classification
Koha item type Books
Holdings
Lost status Source of classification or shelving scheme Damaged status Not for loan Collection code Permanent Location Current Location Shelving location Date acquired Source of acquisition Cost, normal purchase price Total Checkouts Full call number Date last seen Copy number Koha item type
  Dewey Decimal Classification   Not For Loan Non-fiction Central Library, University of Rajshahi Central Library, University of Rajshahi Reading Room 12/07/2018 International book sistribution , Dhaka. 850.00   796.069 RAS 2015 24/07/2018 C-1 Books